| 000 | 00987nam a22002657a 4500 | ||
|---|---|---|---|
| 999 |
_c3743 _d3743 |
||
| 003 | AR-CdUCM | ||
| 008 | 190307b ||||| |||| 00| 0 spa d | ||
| 020 | _a84-309-0779-3 | ||
| 040 |
_aMUNICIPALIDAD PROVINCIAL DEL CUSCO _cBIBLIOTECA MUNICIPAL DEL CUSCO |
||
| 041 | _heng | ||
| 082 |
_a338.2 / _bB75 |
||
| 100 |
_aBosson, Rex _912102 |
||
| 245 | _aLa Industria Minera y los paises en Desarrollo / | ||
| 260 |
_aMadrid : _beditorial Tecnos, _c1978. |
||
| 300 |
_a270 paginas ; _bGraficos, tablas, ilustraciones, mapas, _c23cm. |
||
| 500 | _aPublicado para el banco mundial | ||
| 505 | _aContenido: Caracter y estructura de la industria -- Reservas y recursos minerales -- tratamiento consumo y comercio -- Tendencia de los precios de losminerales -- Paises en desarrollo... | ||
| 650 |
_aIndustria _94386 |
||
| 650 |
_arecursos Minerales _94037 |
||
| 650 |
_aHyspano _99880 |
||
| 650 |
_aSiglo XX _98 |
||
| 700 |
_aVaron, Bension _912103 |
||
| 942 |
_2ddc _cLIBROS |
||
| 945 | _apjha | ||